=LDR 00000nam 2200000 4500 =001 INLIS000000000031692 =005 20250321094522 =035 ##$$a 0010-061300000031692 =008 250321################a##########0#ind## =041 ##$$a ind =082 ##$$a 160 =090 ##$$a 160, TIT t =100 ##$$a Tita =245 1#$$a Tebak Logika Untuk Anak TK, Tita /$c Tita =260 ##$$a Yogyakarta :$b Image Press,$c 2008 =300 ##$$a 61 hlm., , ilus, , 21 cm : $b Ilus ; $c 21x 14 cm =650 #4$$a LOGIKA TK =850 ##$$a NBPNMAT =020 ##$$a 979-17085-4-1 =084 ##$$a 160 TIT t =990 ##$$a 34733473 =990 ##$$a 20904179